00254nam a2200097Ia 4500008004100000100001600041245003000057260004300087300000800130650001800138191201s2011 xx 000 0 und d aYADAV, Atul 0aHaryana: Atihasik Dhorhar aN. DelhibHaryana Granth Academyc2011 a183 aGeneral Books